Quarters Six, Fort Myer, Virginia.

Bibliographic Details
Corporate Author: United States. Department of the Army. General Staff
Format: Government Document Book
Language:English
Published: [Washington, D. C.] : [U.S. Dept. of Army, General Staff], [1998?]
Subjects:

MARC

Tag First Indicator Second Indicator Subfields
LEADER 00000cam a2200000 a 4500
001 in00000002660
005 20151007050746.0
008 990218s1998 dcua f000 0 eng d
035 |a (OCoLC)40815633 
035 |9 AJD6579AM 
040 |d GPO  |d DLC  |d MvI  |d UtOrBLW 
043 |a n-us-va 
049 |a UDOC 
074 |a 0344 
086 0 |a D 114.2:Q 2/4 
245 0 0 |a Quarters Six, Fort Myer, Virginia. 
264 1 |a [Washington, D. C.] :  |b [U.S. Dept. of Army, General Staff],  |c [1998?] 
300 |a 10 unnumbered pages :  |b color illustrations ;  |c 22 cm. 
336 |a text  |b txt  |2 rdacontent 
337 |a unmediated  |b n  |2 rdamedia 
338 |a volume  |b nc  |2 rdacarrier 
500 |a Cover title. 
500 |a Shipping list number: 99-0087-P. 
610 2 0 |a Quarters Six (Fort Myer, Va.) 
610 1 0 |a United States.  |b Department of the Army.  |b General Staff  |x Officials and employees  |x Dwellings. 
710 1 |a United States.  |b Department of the Army.  |b General Staff. 
999 |a MARS 
999 f f |s 2f6f5895-afff-3c41-a649-9cdf75c76a6b  |i 2c69943b-ff47-32e5-807e-0e49b529f497  |t 0 
952 f f |p normal  |a Texas A&M University  |b College Station  |c Sterling C. Evans Library  |d Evans: US Documents (Annex 5th floor)  |t 0  |e D 114.2:Q 2/4  |h Superintendent of Documents classification  |i unmediated -- volume  |m A14824435559 
998 f f |a D 114.2:Q 2/4  |t 0  |l Evans: US Documents (Annex 5th floor)